Helsingin kaupunginosat kartalla - Statistics

Yleistilastot
  • Tätä visaa on pelattu 25 959 kertaa
  • Keskiarvotulos 26 / 60
Vastaukset kartalla
Vastauksille on annettu kartalla punavihreä väri sen mukaan, kuinka moni on saanut sen oikein.
 
Vastaustilastot
Suurpiiri Kaupunginosa % Oikein
Eteläinen suurpiiri Kamppi
84%
Keskinen suurpiiri Pasila
80%
Keskinen suurpiiri Kallio
78%
Eteläinen suurpiiri Etu-Töölö
77%
Eteläinen suurpiiri Lauttasaari
76%
Eteläinen suurpiiri Taka-Töölö
76%
Eteläinen suurpiiri Eira
75%
Eteläinen suurpiiri Suomenlinna
75%
Itäinen suurpiiri Vuosaari
73%
Koillinen suurpiiri Malmi
71%
Eteläinen suurpiiri Punavuori
71%
Kaakkoinen suurpiiri Herttoniemi
67%
Keskinen suurpiiri Sörnäinen
67%
Läntinen suurpiiri Haaga
64%
Eteläinen suurpiiri Ullanlinna
63%
Eteläinen suurpiiri Katajanokka
62%
Pohjoinen suurpiiri Oulunkylä
61%
Läntinen suurpiiri Munkkiniemi
60%
Eteläinen suurpiiri Kruununhaka
57%
Läntinen suurpiiri Meilahti
57%
Keskinen suurpiiri Käpylä
56%
Kaakkoinen suurpiiri Laajasalo
56%
Kaakkoinen suurpiiri Kulosaari
55%
Koillinen suurpiiri Viikki
54%
Kaakkoinen suurpiiri Mustikkamaa-Korkeasaari
53%
Kaakkoinen suurpiiri Santahamina
53%
Keskinen suurpiiri Vallila
53%
Pohjoinen suurpiiri Pakila
44%
Läntinen suurpiiri Pitäjänmäki
44%
Eteläinen suurpiiri Kluuvi
43%
Eteläinen suurpiiri Kaivopuisto
41%
Läntinen suurpiiri Konala
39%
Koillinen suurpiiri Pukinmäki
39%
Eteläinen suurpiiri Kaartinkaupunki
37%
Itäinen suurpiiri Mellunkylä
37%
Läntinen suurpiiri Ruskeasuo
36%
Keskinen suurpiiri Kumpula
34%
Keskinen suurpiiri Alppiharju
29%
Keskinen suurpiiri Hermanni
29%
Itäinen suurpiiri Vartiokylä
27%
Eteläinen suurpiiri Länsisatama
26%
Keskinen suurpiiri Koskela
25%
Keskinen suurpiiri Toukola
24%
Keskinen suurpiiri Vanhakaupunki
24%
Koillinen suurpiiri Suutarila
23%
Östersundomin suurpiiri Östersundom
22%
Kaakkoinen suurpiiri Tammisalo
20%
Östersundomin suurpiiri Karhusaari
19%
Läntinen suurpiiri Laakso
19%
Läntinen suurpiiri Kaarela
18%
Eteläinen suurpiiri / Kaakkoinen suurpiiri Ulkosaaret
17%
Koillinen suurpiiri Tapaninkylä
14%
Pohjoinen suurpiiri Tuomarinkylä
14%
Kaakkoinen suurpiiri Vartiosaari
14%
Koillinen suurpiiri Suurmetsä
11%
Kaakkoinen suurpiiri Villinki
11%
Östersundomin suurpiiri Talosaari
8%
Östersundomin suurpiiri Ultuna
7%
Kaakkoinen suurpiiri Aluemeri
6%
Östersundomin suurpiiri Salmenkallio
5%
Ehtoja vastaavia visoja ei löytynyt
Tulosjakauma
Jokaisen tuloksen saaneiden osuus
Persentiili vastausten määrän mukaan
Tuloshistoriasi
Et ole pelannut tätä visaa